00474nam a22001457a 4500003000400000005001700004008004100021020001500062050002100077082001200098100002200110245013700132260003600269300002300305OSt20160128090827.0130130t xxu||||| |||| 00| 0 eng d a9712327531 aP 90b.B298 1999 aFIL 425 aBascara, Linda A. aCommunication skills for college and beyond series one /cLinda R. Bascara, Lilia A. Manzano, Agnes A. Tolosa, Constantino M. Mazon. aManila :bRex Bookstore,c1999. a295 pages ;c22 cm